000 00560nam a2200193Ia 4500
008 191130s1999##################000#0#eng##
020 _a9780199258017
040 _aACL
_cACL
082 _a346.02 COL
100 _aCollins, Hugh
245 _aRegulating contracts
_cHugh Collins
260 _aOxford
_bOxford University Press
_c1999
300 _axv, 386 p. ; 25 cm
500 _aIncludes bibliographical references (p. [363]-381) and index
650 _aContracts
990 _aa7690744ac10000c1e8bc6235d384835
991 _a418031
999 _c286271
_d286271